MARC

LEADER 00000nam0a2200000 4500
001 105957
005 20231031114722.0
010 |a 5120005314 
020 |a RU  |b 89-16362 
035 |a (RuTPU)RU\TPU\book\114330 
090 |a 105957 
100 |a 20061129d1989 km y0rusy5003 ca 
101 0 |a rus 
102 |a UA 
105 |a a z 001zy 
200 1 |a Основы метода конечных элементов  |f И. Н. Молчанов, Л. Д. Николенко  |g Академия наук Украинской ССР; Институт кибернетики 
210 |a Киев  |c Наук. думка  |d 1989 
215 |a 269 с.  |c ил.  |d 22 см 
320 |a Библиогр.: с. 261-267 (160 назв.) 
610 1 |a конечных элементов метод 
610 1 |a математика 
610 1 |a краевые задачи 
610 1 |a нестационарные задачи 
610 1 |a нелинейные задачи 
610 1 |a решение 
675 |a 517.96  |z rus 
700 1 |a Молчанов  |b И. Н.  |g Игорь Николаевич  |4 070 
701 1 |a Николенко  |b Л. Д.  |g Лариса Даниловна  |4 070 
712 0 2 |a Академия наук Украинской ССР  |b Институт кибернетики (АН УССР ИК)  |2 stltpush  |3 (RuTPU)RU\TPU\col\11437 
801 0 |a RU  |b RuMRKP  |c 19950417  |g psbo 
801 1 |a RU  |b 63413507  |c 20061129  |g PSBO 
801 2 |a RU  |b 63413507  |c 20130128  |g PSBO 
900 |a Основы метода конечных элементов 
942 |c BK